The making of morden Africa

Bibliographic Details
Format: Book

MARC

LEADER 00000cam a2200000 7i4500
001 0000008616
002 000009392
005 20000330.0
020 |a 0582585090 
090 0 0 |a 980.23   |b MAK 
245 1 4 |a The making of morden Africa 
999 |a 0004926   |b BUKU   |c PINJAMAN   |e PERPUSTAKAAN KOMUNITI PETALING JAYA